Land use and water resources: in temperate and tropical climates (Record no. 362072)

MARC details
000 -LEADER
fixed length control field 004350000a22001570004500
020 ## - INTERNATIONAL STANDARD BOOK NUMBER
International Standard Book Number 0 521 09750 9
060 ## - NATIONAL LIBRARY OF MEDICINE CALL NUMBER
Classification number 100
082 ## - DEWEY DECIMAL CLASSIFICATION NUMBER
Classification number 631. 47 PER
100 ## - MAIN ENTRY--PERSONAL NAME
Personal name Pereira, H C
245 ## - TITLE STATEMENT
Title Land use and water resources: in temperate and tropical climates
260 ## - PUBLICATION, DISTRIBUTION, ETC. (IMPRINT)
Place of publication, distribution, etc. London, Cambridge University Press
260 ## - PUBLICATION, DISTRIBUTION, ETC. (IMPRINT)
Date of publication, distribution, etc. 1973
300 ## - PHYSICAL DESCRIPTION
Extent 241
650 ## - SUBJECT ADDED ENTRY--TOPICAL TERM
Topical term or geographic name as entry element Watershed management/watershed experiments-tropical forests
942 ## - ADDED ENTRY ELEMENTS (KOHA)
Koha item type Books (General)
Holdings
Withdrawn status Lost status Damaged status Not for loan Home library Current library Date acquired Total Checkouts Full call number Barcode Date last seen Price effective from Koha item type
        College of Agriculture, Vellayani College of Agriculture, Vellayani 02/05/2014   631. 47 PER KAU_COAV-16086 02/05/2014 02/05/2014 Books (General)
Kerala Agricultural University Central Library
Thrissur-(Dt.), Kerala Pin:- 680656, India
Ph : (+91)(487) 2372219
E-mail: librarian@kau.in
Website: http://library.kau.in/